000 00968nam a2200289Ia 4500
001 4663
005 20260223194746.0
008 160601s2001 sp g 000 0 spa
020 _a8484610268
020 _a9788484610267
040 _aCO-BoRNBP
_bspa
_erda
_cCO-BoRNBP
084 _aN SCO1
100 1 _aScott, Walter Sir
_d1771-1832
_969156
245 1 0 _aIvanhoe
_cWalter Scott ; traducción Enrique Campbell
250 _a1a. edición
264 _aBarcelona
_bEdicomunicación
_c2001
300 _a224 páginas
_c23 cm
336 _atexto
_btxt
_2rdacontent
337 _asin mediación
_bn
_2rdamedia
338 _avolumen
_bnc
_2rdacarrier
650 1 4 _2LEMB
_aNovela inglesa
_ySiglo XIX
_92496
650 1 4 _2LEMB
_aLiteratura inglesa
_ySiglo XIX
_92497
650 1 4 _2LEMB
_aAventuras en la literatura
_9492
650 1 4 _2LEMB
_aCaballeros y caballerías en la literatura
_969157
700 1 _aCampbell, Enrique
_etraductor
_965028
942 _2loc
_cBKLIT
999 _c4663
_d4663